| 000 | 00862cac a22002655a 4500 | ||
|---|---|---|---|
| 008 | 150813b1996 nyuao||f ||||z001 0 eng d | ||
| 010 | _a 95035625 | ||
| 020 | _a0471124206 (cloth : alk. paper) | ||
| 020 | _a9780471124207 | ||
| 040 |
_aEG-ScBUE _beng _cEG-ScBUE |
||
| 082 | 0 | 4 |
_a658.3 _bDEC _222 |
| 100 | 1 | _aDeCenzo, David A. | |
| 245 | 1 | 0 |
_aHuman resource management / _cDavid A. De Cenzo, Stephen P. Robbins. |
| 250 | _a5th ed. | ||
| 260 |
_aNew York : _bWiley,c1996 _cc1996. |
||
| 300 |
_a1 v. (various pagings) : _bill. (some col.) ; _c26 cm. |
||
| 490 | _aWiley series in management | ||
| 500 | _aIncludes indexes. | ||
| 504 | _aIncludes bibliographical references. | ||
| 590 | _aMustafa Galal. | ||
| 650 | 0 |
_aPersonnel management. _2BUEsh |
|
| 651 | _2BUEsh | ||
| 700 | 1 |
_aRobbins, Stephen P., _d1943- |
|
| 942 |
_cBB _k658.3DEC _2ddc |
||
| 999 |
_c5503 _d5503 |
||